Music Quiz

Random Music or Lyrics Quiz

Finish the Lyric II Quiz Stats

 Plays Quiz Updated Mar 3, 2017

     
Support Sporcle.
Go Orange.
Score 0/16 Timer 06:00
25 Plays Today
Lyric Finish % Correct
Sweet dreams are made of this, who am I to disagree? Travel...the world and the seven seas
80.9%
Just a small town girl, livin' in a lonely world, she took the...midnight train goin' anywhere
80.3%
I don't wanna close my eyes, I don't wanna fall asleep, cause I'd miss you babe, and...I don't wanna miss a thing
79.4%
I'm starting with the man in the mirror I'm...asking him to change his ways
43.8%
Well, I'm running down the road tryin' to loosen my load I've got..seven women on my mind
41%
Blue jean baby, L.A. lady, seamstress...for the band
38.5%
I have climbed highest mountain I have run through the fields...only to be with you
33.9%
How I wish, how I wish you were here. We're just two lost souls...swimming in a fish bowl
33.8%
Lyric Finish % Correct
Life is bigger, it's bigger than you and...you are not me
27.4%
Some boys kiss me, some boys hug me, I think they're O.K. If they don't give me proper credit...I just walk away
22.4%
If I made you feel second best, girl I'm sorry I was blind...You were always on my mind
21.8%
Well she was just seventeen, if you know what I mean, and the...way she looked was way beyond compare
21.5%
Hello, Dolly, well, hello, Dolly. It's so nice to...have you back where you belong
20.8%
First born unicorn, hard core soft porn...Dream of Californication
19.5%
Lonely rivers flow to the sea, to the sea, to the...open arms of the sea
17.6%
Are you lonesome tonight, do you miss me tonight? Are you...sorry we drifted apart
9.6%

From the Vault

Top 150 Albums by Women

by Zipcity

Music 19m
If you want something said, ask a man; if you want a hit record, ask a woman.
Remove Ads.
Support Sporcle.
Get the best of Sporcle when you Go Orange. This ad-free experience offers more features, more stats, and more fun while also helping to support Sporcle. Thank you for becoming a member.

Show Comments

Extras

Top Quizzes Today


Score Distribution

Your Account Isn't Verified!

In order to create a playlist on Sporcle, you need to verify the email address you used during registration. Go to your Sporcle Settings to finish the process.

Report this User

Report this user for behavior that violates our Community Guidelines.

Details: